000 00595nam a22001817a 4500
008 150521b xxu||||| |||| 00| 0 eng d
020 _a9780071623391
041 0 _aeng
080 _a332
100 1 _aKrueger, David W.
245 1 4 _aThe secret language of money :
_cDavid Krueger, with John David Mann.
260 _aNew York :
_bMcGraw-Hill,
_cc2009.
300 _a280 f. ;
_c24 cm.
650 0 _aFinanca
_xAspektet psikologjike
650 0 _aInvestime
_xAspektet psikologjike
700 1 _aMann, John David.
942 _2udc
_cBK
999 _c876
_d876